Can Japanese methods be applied in the western workplace?

Rozdielnosti v kultúre a svetovom názore japonských a západných pracovníkov. Typické postoje japonských pracovníkov. Rozdiely v uplatňovanej stratégii akosti. Obmedzenosť uplatnenia japonských metód akosti na západe.

Na minha lista:
Detalhes bibliográficos
Autor principal: Dillon, L.S
Formato: Capítulo de Livro
Idioma:inglês
Assuntos:
Tags: Adicionar Tag
Sem tags, seja o primeiro a adicionar uma tag!

MARC

LEADER 00000naa a2200000 4500
001 r002111
005 20220819193733.5
041 0 |a eng 
044 |a US 
245 1 0 |a Can Japanese methods be applied in the western workplace?  |c L.S. Dillon 
520 |a Rozdielnosti v kultúre a svetovom názore japonských a západných pracovníkov. Typické postoje japonských pracovníkov. Rozdiely v uplatňovanej stratégii akosti. Obmedzenosť uplatnenia japonských metód akosti na západe. 
610 2 0 |a Japonsko 
610 2 0 |a pracovníci 
610 2 0 |a krajiny kapitalistické 
610 2 0 |a vzťah k práci 
610 2 0 |a kvalita 
610 2 0 |a riadenie kvality 
100 1 |a Dillon, L.S.